[Event "FRA-chT Top 12"]
[Site "Chartres"]
[Date "2017.05.28"]
[Round "11.3"]
[White "Le Borgne, Pierre"]
[Black "Edouard, Romain"]
[Result "0-1"]
[WhiteElo "2234"]
[BlackElo "2640"]
[PlyCount "58"]
[EventDate "2017.05.18"]
[EventType "team-tourn"]
[EventRounds "11"]
[EventCountry "FRA"]
[SourceTitle "CBM 179"]
[Source "ChessBase"]
[SourceDate "2017.07.12"]
[SourceVersion "1"]
[SourceVersionDate "2017.07.12"]
[SourceQuality "1"]
[WhiteTeam "Lisieux"]
[BlackTeam "Bischwiller"]
[WhiteTeamCountry "FRA"]
[BlackTeamCountry "FRA"]

1. e4 c5 2. Nf3 Nc6 3. Bb5 e6 4. Bxc6 bxc6 5. d3 Ne7 6. Qe2 d5 7. c4 Ng6 8. 0-0 Bd6 9. exd5 cxd5 10. cxd5 0-0 11. dxe6 Bxe6 12. Nc3 Re8 13. Ng5 Rb8 14. Qh5 h6 15. Nge4 Bc7 16. Nxc5 Bc8 17. Qd5 Qh4 18. g3 Qh3 19. Qg2 Qh5 20. d4 Bh3 21. Qd5 Ne5 22. f4 Rbd8 23. Qb7 Ng4 24. Bd2 Rxd4 25. Qb5 Rb8 26. Qc6 Rxd2 27. Qxc7 Rg2+ 28. Kh1 Rxh2+ 29. Kg1 Rh1+ 0-1

[Event "FRA-chT Top 12"]
[Site "Chartres"]
[Date "2017.05.27"]
[Round "10.5"]
[White "Riff, Jean Noel"]
[Black "Le Borgne, Pierre"]
[Result "1-0"]
[WhiteElo "2476"]
[BlackElo "2234"]
[PlyCount "103"]
[EventDate "2017.05.18"]
[EventType "team-tourn"]
[EventRounds "11"]
[EventCountry "FRA"]
[SourceTitle "CBM 178 Extra"]
[Source "ChessBase"]
[SourceDate "2017.06.22"]
[SourceVersion "1"]
[SourceVersionDate "2017.06.22"]
[SourceQuality "1"]
[WhiteTeam "Mulhouse Philidor"]
[BlackTeam "Lisieux"]
[WhiteTeamCountry "FRA"]
[BlackTeamCountry "FRA"]

1. e4 g6 2. d4 Bg7 3. Nc3 c6 4. h3 d5 5. Nf3 Nf6 6. e5 Ne4 7. Nxe4 dxe4 8. Ng5 c5 9. dxc5 Qa5+ 10. c3 Qxc5 11. e6 f6 12. Qa4+ Nc6 13. Be3 Qa5 14. Qxa5 Nxa5 15. Bb5+ Nc6 16. Nxe4 Bxe6 17. 0-0-0 a6 18. Ba4 b5 19. Bb3 Bxb3 20. axb3 Kf7 21. Rd7 Rhd8 22. Rhd1 Rxd7 23. Rxd7 f5 24. Ng5+ Kg8 25. Rc7 Ne5 26. f4 Nd3+ 27. Kd2 Rd8 28. Ne6 Rd6 29. Rc8+ Kf7 30. Nd8+ Kf6 31. Bd4+ e5 32. fxe5+ Nxe5 33. Nc6 Kg5 34. Ke2 Nxc6 35. Bxg7 Na5 36. c4 Nxb3 37. c5 Rd2+ 38. Ke3 f4+ 39. Ke4 Rxg2 40. c6 Re2+ 41. Kd5 Re7 42. Be5 Rf7 43. Re8 f3 44. c7 Rd7+ 45. Kc6 Rxc7+ 46. Kxc7 Nc5 47. Bd4 Nd3 48. Rf8 f2 49. Be3+ Kh4 50. Bxf2+ Nxf2 51. Rxf2 h5 52. Rf3 1-0

[Event "FRA-chT Top 12"]
[Site "Chartres"]
[Date "2017.05.20"]
[Round "3.6"]
[White "Le Borgne, Pierre"]
[Black "Barbot, Pierre"]
[Result "1/2-1/2"]
[WhiteElo "2234"]
[BlackElo "2456"]
[PlyCount "44"]
[EventDate "2017.05.18"]
[EventType "team-tourn"]
[EventRounds "11"]
[EventCountry "FRA"]
[SourceTitle "CBM 178 Extra"]
[Source "ChessBase"]
[SourceDate "2017.06.22"]
[SourceVersion "1"]
[SourceVersionDate "2017.06.22"]
[SourceQuality "1"]
[WhiteTeam "Lisieux"]
[BlackTeam "Clichy Echecs 92"]
[WhiteTeamCountry "FRA"]
[BlackTeamCountry "FRA"]

1. e4 e5 2. Nf3 Nc6 3. Bb5 g6 4. c3 a6 5. Ba4 d6 6. d4 Bd7 7. 0-0 Bg7 8. Re1 Nge7 9. d5 Nb8 10. Bxd7+ Nxd7 11. c4 0-0 12. Nc3 h6 13. b4 f5 14. Nd2 Nf6 15. f3 c6 16. Nb3 Qb6+ 17. c5 Qxb4 18. Bd2 Rad8 19. dxc6 Nxc6 20. Nd5 Qc4 21. Rc1 Qa4 22. Nb6 Qa3 1/2-1/2

[Event "Avoine op 31st"]
[Site "Avoine"]
[Date "2016.07.29"]
[Round "7"]
[White "Le Borgne, Pierre"]
[Black "Filip, Lucian Ioan"]
[Result "1/2-1/2"]
[WhiteElo "2247"]
[BlackElo "2440"]
[PlyCount "39"]
[EventDate "2016.07.23"]
[EventType "swiss"]
[EventRounds "9"]
[EventCountry "FRA"]
[SourceTitle "CBM 173 Extra"]
[Source "ChessBase"]
[SourceDate "2016.08.29"]
[SourceVersion "1"]
[SourceVersionDate "2016.08.29"]
[SourceQuality "1"]

1. e4 c5 2. Nf3 e6 3. g3 Nc6 4. Bg2 Nf6 5. Qe2 d6 6. 0-0 Be7 7. c3 0-0 8. d4 d5 9. e5 Ne4 10. Rd1 b6 11. Be3 a5 12. Ne1 Ba6 13. Qg4 Kh8 14. Bxe4 dxe4 15. Qxe4 Bb7 16. Na3 cxd4 17. Bxd4 Qc8 18. Qe3 Nxd4 19. cxd4 Qc6 20. f3 1/2-1/2

[Event "Avoine op 31st"]
[Site "Avoine"]
[Date "2016.07.25"]
[Round "3"]
[White "Le Borgne, Pierre"]
[Black "Dumitrache, Dragos Nicolae"]
[Result "1-0"]
[WhiteElo "2247"]
[BlackElo "2416"]
[PlyCount "93"]
[EventDate "2016.07.23"]
[EventType "swiss"]
[EventRounds "9"]
[EventCountry "FRA"]
[SourceTitle "CBM 173 Extra"]
[Source "ChessBase"]
[SourceDate "2016.08.29"]
[SourceVersion "1"]
[SourceVersionDate "2016.08.29"]
[SourceQuality "1"]

1. e4 e5 2. Nf3 Nc6 3. Bb5 Nf6 4. d3 d6 5. c3 g6 6. Nbd2 Bg7 7. 0-0 0-0 8. Re1 Bd7 9. Nf1 Nh5 10. d4 a6 11. Ba4 b5 12. Bb3 Na5 13. Bc2 Bg4 14. dxe5 dxe5 15. Ne3 Qxd1 16. Bxd1 Bxf3 17. Bxf3 Nf4 18. b3 Rfd8 19. Ba3 h5 20. Red1 Bf8 21. Bxf8 Kxf8 22. g3 Nh3+ 23. Kf1 c6 24. Ke2 Ke7 25. Bg2 Ng5 26. f4 exf4 27. gxf4 Ne6 28. Rf1 Nf8 29. e5 Rac8 30. Rad1 Nb7 31. f5 Rc7 32. Rd4 Nc5 33. Rfd1 Rdd7 34. Rd6 Nb7 35. Bxc6 Nxd6 36. Nd5+ Kd8 37. Nxc7 Ne4 38. Bxe4 Rxd1 39. Kxd1 Kxc7 40. Ke2 gxf5 41. Bxf5 Kc6 42. Ke3 Kd5 43. Kf4 Ne6+ 44. Bxe6+ fxe6 45. b4 h4 46. h3 Kc4 47. Kg5 1-0

[Event "Avoine op 30th"]
[Site "Avoine"]
[Date "2015.07.23"]
[Round "6"]
[White "Le Borgne, Pierre"]
[Black "Bulmaga, Irina"]
[Result "0-1"]
[WhiteElo "2252"]
[BlackElo "2393"]
[PlyCount "66"]
[EventDate "2015.07.18"]
[EventType "swiss"]
[EventRounds "9"]
[EventCountry "FRA"]
[SourceTitle "EXT 2016"]
[Source "ChessBase"]
[SourceDate "2015.10.08"]
[SourceVersion "1"]
[SourceVersionDate "2015.10.08"]
[SourceQuality "1"]

1. e4 c5 2. Nf3 Nc6 3. Bb5 g6 4. Bxc6 bxc6 5. 0-0 Bg7 6. Re1 Nf6 7. e5 Nd5 8. c4 Nc7 9. d4 cxd4 10. Qxd4 Ne6 11. Qh4 0-0 12. Nc3 f6 13. Ne4 d6 14. exd6 exd6 15. Be3 d5 16. Rad1 g5 17. Qg3 g4 18. Nc5 Nxc5 19. Bxc5 gxf3 20. Re7 Rf7 21. Rde1 Bd7 22. Rxf7 Kxf7 23. Re7+ Qxe7 24. Bxe7 Re8 25. Bb4 Bf8 26. Bc3 d4 27. Ba5 Re5 28. Bd2 Bh6 29. Ba5 Rxa5 30. Qc7 Re5 31. gxf3 Re7 32. h4 d3 33. f4 d2 0-1

[Event "Avoine op 30th"]
[Site "Avoine"]
[Date "2015.07.18"]
[Round "8"]
[White "Le Borgne, Pierre"]
[Black "Kasparov, Sergey"]
[Result "1/2-1/2"]
[WhiteElo "2252"]
[BlackElo "2497"]
[PlyCount "84"]
[EventDate "2015.07.18"]
[EventType "swiss"]
[EventRounds "9"]
[EventCountry "FRA"]
[SourceTitle "EXT 2016"]
[Source "ChessBase"]
[SourceDate "2015.10.08"]
[SourceVersion "1"]
[SourceVersionDate "2015.10.08"]
[SourceQuality "1"]

1. e4 c6 2. Ne2 d5 3. e5 c5 4. d4 Nc6 5. c3 Bf5 6. dxc5 e6 7. b4 Nxe5 8. Nd4 Bxb1 9. Bb5+ Nd7 10. Rxb1 Ngf6 11. 0-0 Be7 12. c4 a6 13. cxd5 Nxd5 14. Bxd7+ Qxd7 15. Bb2 Bf6 16. Qf3 Bxd4 17. Bxd4 f6 18. Rfe1 0-0 19. Qg4 Rfe8 20. a4 Qf7 21. Ba1 Rac8 22. Rec1 e5 23. g3 e4 24. Bd4 f5 25. Qe2 f4 26. Qg4 Rc6 27. b5 Rg6 28. Qe2 axb5 29. axb5 f3 30. Qc4 e3 31. c6 bxc6 32. bxc6 e2 33. c7 Ne7 34. Qxf7+ Kxf7 35. Rb3 Nf5 36. Rxf3 e1Q+ 37. Rxe1 Rxe1+ 38. Kg2 Rc6 39. Rxf5+ Kg6 40. Rc5 Rc1 41. Rxc6+ Rxc6 42. Be5 Kf7 1/2-1/2

[Event "Nantes op 12th"]
[Site "Nantes "]
[Date "2013.12.29"]
[Round "5"]
[White "Durand Le Ludec, Brendan Bubok"]
[Black "Le Borgne, Pierre"]
[Result "0-1"]
[WhiteElo "1890"]
[BlackElo "2257"]
[PlyCount "160"]
[EventDate "2013.12.27"]
[EventType "swiss"]
[EventRounds "7"]
[EventCountry "FRA"]
[SourceTitle "CBM 158 Extra"]
[Source "ChessBase"]
[SourceDate "2014.02.28"]
[SourceVersion "1"]
[SourceVersionDate "2014.02.28"]
[SourceQuality "1"]

1. e4 d6 2. d4 Nf6 3. Nc3 Nbd7 4. Nf3 e5 5. g4 h6 6. g5 hxg5 7. Bxg5 c6 8. Qd2 Qa5 9. Bd3 Be7 10. 0-0-0 a6 11. Kb1 Qc7 12. Ne2 b5 13. Ng3 g6 14. h4 Bb7 15. h5 0-0-0 16. hxg6 fxg6 17. Rxh8 Rxh8 18. Nh4 Nf8 19. dxe5 dxe5 20. Bf1 Kb8 21. Bh3 N8h7 22. Be3 Nxe4 23. Nxe4 Rd8 24. Qxd8+ Bxd8 25. Rd7 Bxh4 26. Rxc7 Kxc7 27. Nc5 Nf6 28. c4 bxc4 29. Nxb7 Kxb7 30. Bf1 Ng4 31. Bxc4 Bxf2 32. Bg5 Be3 33. Bh4 g5 34. Be1 Bf4 35. Be2 Ne3 36. Bf2 Nd5 37. Kc2 e4 38. Kb3 Be5 39. a3 Nf4 40. Bg4 Nd3 41. Be3 Bf4 42. Bd4 c5 43. Bc3 Be5 44. Bd2 Bf4 45. Bc3 Kb6 46. Bf5 Nf2 47. Be1 e3 48. Bxf2 exf2 49. Bd3 Be5 50. Kc2 a5 51. b3 a4 52. bxa4 Ka5 53. Kb3 g4 54. Bf1 g3 55. Bg2 Bf4 56. Bf1 Bc1 57. Bg2 Kb6 58. Kc4 Bxa3 59. Bh3 Ka5 60. Kb3 Bc1 61. Bg2 Bd2 62. Bf1 Kb6 63. Bg2 Kc7 64. Kc4 Kd6 65. Kd3 Ba5 66. Ke4 c4 67. Kd4 c3 68. Kd3 Kc5 69. Bf1 Kb4 70. Kc2 Kxa4 71. Bg2 Kb4 72. Bf1 Bc7 73. Bg2 Kc4 74. Bf1+ Kd4 75. Kd1 Ke3 76. Bg2 f1Q+ 77. Bxf1 Kf2 78. Bh3 g2 79. Bxg2 Kxg2 80. Kc2 Be5 0-1

[Event "Nantes op 12th"]
[Site "Nantes "]
[Date "2013.12.28"]
[Round "2"]
[White "Le Borgne, Pierre"]
[Black "Lalic, Bogdan"]
[Result "1/2-1/2"]
[WhiteElo "2257"]
[BlackElo "2492"]
[PlyCount "30"]
[EventDate "2013.12.27"]
[EventType "swiss"]
[EventRounds "7"]
[EventCountry "FRA"]
[SourceTitle "CBM 158 Extra"]
[Source "ChessBase"]
[SourceDate "2014.02.28"]
[SourceVersion "1"]
[SourceVersionDate "2014.02.28"]
[SourceQuality "1"]

1. e4 c5 2. Nf3 Nc6 3. Bb5 d6 4. d4 cxd4 5. Qxd4 Bd7 6. Bxc6 Bxc6 7. Nc3 e5 8. Qd3 h6 9. 0-0 Nf6 10. Nd2 Be7 11. Nc4 b5 12. Ne3 b4 13. Ncd5 Nxd5 14. Nxd5 Bxd5 15. Qxd5 0-0 1/2-1/2

[Event "Avoine op 28th"]
[Site "Avoine"]
[Date "2013.07.27"]
[Round "8"]
[White "Le Borgne, Pierre"]
[Black "Xu, Xianliang"]
[Result "1/2-1/2"]
[WhiteElo "2254"]
[BlackElo "2055"]
[PlyCount "90"]
[EventDate "2013.07.20"]
[EventType "swiss"]
[EventRounds "9"]
[EventCountry "FRA"]
[SourceTitle "CBM 155 Extra"]
[Source "ChessBase"]
[SourceDate "2013.08.26"]
[SourceVersion "1"]
[SourceVersionDate "2013.08.26"]
[SourceQuality "1"]

1. e4 c5 2. Nf3 g6 3. d4 cxd4 4. Qxd4 Nf6 5. Nc3 Nc6 6. Qa4 d6 7. e5 dxe5 8. Nxe5 Bd7 9. Nxd7 Qxd7 10. Be3 Bg7 11. Rd1 Qc8 12. Be2 0-0 13. 0-0 Qf5 14. Bf3 Rab8 15. Nd5 Nxd5 16. Rxd5 Qe6 17. Rb5 Rfd8 18. c3 b6 19. Qb3 Qxb3 20. axb3 Ne5 21. Be2 Nd3 22. Ra1 Rb7 23. Rb1 h6 24. Kf1 Rd6 25. Bxd3 Rxd3 26. Ke2 Rdd7 27. Rb4 h5 28. h3 f5 29. g4 hxg4 30. hxg4 Kf7 31. f4 e5 32. Rf1 e4 33. Rb5 Ke6 34. Rg1 Bf6 35. g5 Bh8 36. Rh1 Rh7 37. Rxh7 Rxh7 38. Rb4 Rh1 39. Rc4 Rb1 40. Rc6+ Kd7 41. Rxg6 Rxb2+ 42. Kd1 Rxb3 43. Rh6 Rxc3 44. Rxh8 Rxe3 45. Rf8 Rg3 1/2-1/2

[Event "Avoine op 28th"]
[Site "Avoine"]
[Date "2013.07.25"]
[Round "6"]
[White "Le Borgne, Pierre"]
[Black "Godart, Francois"]
[Result "1-0"]
[WhiteElo "2254"]
[BlackElo "2359"]
[PlyCount "93"]
[EventDate "2013.07.20"]
[EventType "swiss"]
[EventRounds "9"]
[EventCountry "FRA"]
[SourceTitle "CBM 155 Extra"]
[Source "ChessBase"]
[SourceDate "2013.08.26"]
[SourceVersion "1"]
[SourceVersionDate "2013.08.26"]
[SourceQuality "1"]

1. e4 c6 2. Ne2 d5 3. e5 d4 4. b4 a5 5. Bb2 axb4 6. Nxd4 Qd5 7. Nb3 Qe4+ 8. Qe2 Qxc2 9. d4 Qxe2+ 10. Bxe2 Bf5 11. N1d2 e6 12. Nc4 Nd7 13. Kd2 Nh6 14. f3 Be7 15. h4 g5 16. g4 Nxg4 17. fxg4 Be4 18. Rh2 b5 19. Nd6+ Bxd6 20. exd6 Bd5 21. hxg5 Nf6 22. Bd3 Ne4+ 23. Kc1 Nxd6 24. Nc5 Ke7 25. a4 Rhg8 26. Rxh7 bxa4 27. Rxa4 Rxa4 28. Nxa4 Rxg5 29. Be2 Ne4 30. Nb6 Bb3 31. Rh3 Ba2 32. Rh5 Rg8 33. Ra5 Bd5 34. Nxd5+ cxd5 35. Rb5 Nf2 36. Rxb4 Nxg4 37. Ba3 Kf6 38. Rb3 e5 39. Rg3 Nh6 40. dxe5+ Kxe5 41. Re3+ Kf5 42. Kd2 Rg2 43. Bb2 Kg6 44. Re8 f6 45. Ke1 Kf7 46. Bh5+ Kg7 47. Re7+ 1-0

[Event "FRA-chT1A 1112"]
[Site "France"]
[Date "2012.01.15"]
[Round "7.5"]
[White "Kambrath, Yannick"]
[Black "Le Borgne, Pierre"]
[Result "1-0"]
[WhiteElo "2217"]
[BlackElo "2198"]
[PlyCount "97"]
[EventDate "2011.10.16"]
[EventType "team-tourn"]
[EventRounds "11"]
[EventCountry "FRA"]
[SourceTitle "EXT 2013"]
[Source "ChessBase"]
[SourceDate "2012.11.22"]
[SourceVersion "1"]
[SourceVersionDate "2012.11.22"]
[SourceQuality "1"]
[WhiteTeam "Clichy"]
[BlackTeam "Lisieux"]
[WhiteTeamCountry "FRA"]
[BlackTeamCountry "FRA"]

1. d4 d6 2. Nf3 f5 3. g3 Nf6 4. Bg2 g6 5. 0-0 Bg7 6. c4 0-0 7. Nc3 Qe8 8. d5 a5 9. Rb1 Na6 10. a3 Nc5 11. b4 axb4 12. axb4 Nfe4 13. Nb5 Na6 14. Bb2 Bxb2 15. Rxb2 e5 16. dxe6 Bxe6 17. Qc2 c6 18. Nbd4 Bf7 19. Nd2 Qe5 20. Nxe4 Qxd4 21. Rd1 Qxc4 22. Qxc4 Bxc4 23. Nxd6 Rad8 24. Rbd2 Be6 25. Rd4 Rb8 26. b5 cxb5 27. Nxb5 Nc5 28. Nc7 Bf7 29. Nd5 Kg7 30. Nb6 Rfe8 31. Kf1 Re7 32. Nd7 Rc8 33. Bf3 Nb3 34. Rb4 Rc2 35. Rxb7 Nd2+ 36. Kg2 Nxf3 37. exf3 Ree2 38. Rf1 Bd5 39. Ra7 Re7 40. Rd1 Bc6 41. h4 Rc3 42. Kf1 Bxf3 43. Re1 Bg2+ 44. Kxg2 Rxe1 45. Nb6+ Kf8 46. Rxh7 Re2 47. Nd7+ Ke8 48. Nf6+ Kd8 49. Rh8+ 1-0

[Event "FRA-chT1 1011"]
[Site "France"]
[Date "2010.12.11"]
[Round "4.5"]
[White "Le Borgne, Pierre"]
[Black "Taddei, Benoit"]
[Result "1-0"]
[WhiteElo "2222"]
[BlackElo "2301"]
[PlyCount "49"]
[EventDate "2010.10.17"]
[EventType "team-tourn"]
[EventRounds "11"]
[EventCountry "FRA"]
[SourceTitle "EXT 2012"]
[Source "ChessBase"]
[SourceDate "2011.11.24"]
[SourceVersion "1"]
[SourceVersionDate "2011.11.24"]
[SourceQuality "1"]

1. e4 Nf6 2. e5 Nd5 3. Nc3 Nxc3 4. bxc3 d6 5. f4 Bf5 6. Nf3 e6 7. Rb1 Qc8 8. Nd4 Bg6 9. Qf3 c6 10. h4 dxe5 11. fxe5 Qc7 12. Qg3 h5 13. Nxe6 Qe7 14. Nxf8 Bxc2 15. Qxg7 Rxf8 16. Rb2 Bg6 17. d4 Qa3 18. Kd2 Nd7 19. e6 Nc5 20. exf7+ Bxf7 21. Qe5+ Ne6 22. Bc4 0-0-0 23. Bxe6+ Bxe6 24. Qxe6+ Kb8 25. Rxb7+ 1-0

[Event "FRA-chT1 1011"]
[Site "France"]
[Date "2010.11.14"]
[Round "3.3"]
[White "Moussard, Jules"]
[Black "Le Borgne, Pierre"]
[Result "1-0"]
[WhiteElo "2423"]
[BlackElo "2222"]
[PlyCount "37"]
[EventDate "2010.10.17"]
[EventType "team-tourn"]
[EventRounds "11"]
[EventCountry "FRA"]
[SourceTitle "EXT 2012"]
[Source "ChessBase"]
[SourceDate "2011.11.24"]
[SourceVersion "1"]
[SourceVersionDate "2011.11.24"]
[SourceQuality "1"]

1. e4 c5 2. Nf3 Nc6 3. d4 cxd4 4. Nxd4 Qb6 5. Nb3 Nf6 6. Nc3 e6 7. Be3 Qc7 8. Bd3 a6 9. f4 d6 10. 0-0 Be7 11. Qf3 Bd7 12. Rae1 Rc8 13. a3 g6 14. Na4 Nd4 15. Bxd4 Bxa4 16. e5 dxe5 17. fxe5 Bxb3 18. cxb3 Qd7 19. Bb6 1-0

[Event "Avoine op 25th"]
[Site "Avoine"]
[Date "2010.07.24"]
[Round "8"]
[White "Le Borgne, Pierre"]
[Black "Sanduleac, Vasile"]
[Result "0-1"]
[WhiteElo "2063"]
[BlackElo "2451"]
[PlyCount "160"]
[EventDate "2010.07.17"]
[EventType "swiss"]
[EventRounds "9"]
[EventCountry "FRA"]
[SourceTitle "EXT 2011"]
[Source "ChessBase"]
[SourceDate "2010.11.26"]
[SourceVersion "1"]
[SourceVersionDate "2010.11.26"]
[SourceQuality "1"]

1. e4 g6 2. d4 Bg7 3. Nc3 c6 4. Bc4 d6 5. Qf3 e6 6. Nge2 Nd7 7. Bf4 Ngf6 8. 0-0-0 Qe7 9. d5 cxd5 10. Nb5 Ne5 11. Bxe5 dxe5 12. exd5 exd5 13. Bxd5 Nxd5 14. Qxd5 0-0 15. Nec3 Be6 16. Qd6 Qg5+ 17. Kb1 Rad8 18. h4 Qf6 19. Qc5 b6 20. Qe3 Qe7 21. Ne4 h6 22. g3 f5 23. Nd2 Rd7 24. Nb3 Rfd8 25. Nc3 e4 26. Rxd7 Rxd7 27. f3 exf3 28. Qxf3 Qf6 29. Re1 Kh7 30. Qc6 Re7 31. Qd6 Re8 32. Qc7 Qf7 33. Qc6 Bd7 34. Qh1 Rxe1+ 35. Qxe1 Qf6 36. Nc1 Be6 37. Nd3 Bc4 38. Nf4 Qd4 39. Nd1 Bf7 40. c3 Qa4 41. b3 Qd7 42. Kc2 Bf6 43. Ne3 Qe7 44. Qf2 Qa3 45. Kd3 Qc5 46. Qd2 g5 47. hxg5 hxg5 48. Qh2+ Kg7 49. Ne2 Bg6 50. Kd2 Qd6+ 51. Ke1 Qd3 52. Nd1 Qe4 53. Qf2 Bh5 54. Qe3 Qc2 55. Qd2 Qxd2+ 56. Kxd2 Be5 57. Ne3 Kf6 58. Nd4 Bxg3 59. Nexf5 Bf4+ 60. Ke1 Bg4 61. Nh6 Bd7 62. a4 g4 63. Nxg4+ Bxg4 64. Nc6 a5 65. Nd4 Be5 66. Kd2 Be6 67. Kc2 Bd6 68. Kd3 Bc5 69. Nxe6 Kxe6 70. Kc4 Bf2 71. Kb5 Be1 72. c4 Bf2 73. b4 Be1 74. bxa5 bxa5 75. Kb6 Kd7 76. Kb7 Bb4 77. Kb6 Kd6 78. c5+ Kd7 79. c6+ Kc8 80. c7 Be1 0-1

[Event "Avoine op 25th"]
[Site "Avoine"]
[Date "2010.07.23"]
[Round "7"]
[White "Saatdjian, Stephane"]
[Black "Le Borgne, Pierre"]
[Result "0-1"]
[WhiteElo "2011"]
[BlackElo "2216"]
[PlyCount "34"]
[EventDate "2010.07.17"]
[EventType "swiss"]
[EventRounds "9"]
[EventCountry "FRA"]
[SourceTitle "EXT 2011"]
[Source "ChessBase"]
[SourceDate "2010.11.26"]
[SourceVersion "1"]
[SourceVersionDate "2010.11.26"]
[SourceQuality "1"]

1. e4 d6 2. d4 g6 3. f4 Bg7 4. Nf3 c5 5. Nc3 cxd4 6. Nxd4 Nc6 7. Be3 Nf6 8. Qd2 0-0 9. 0-0-0 Nxd4 10. Bxd4 Be6 11. h3 Qa5 12. Kb1 Nxe4 13. Qd3 Bxd4 14. Qxd4 Nxc3+ 15. Qxc3 Qxa2+ 16. Kc1 Qa1+ 17. Kd2 Qa4 0-1

[Event "Avoine op 25th"]
[Site "Avoine"]
[Date "2010.07.21"]
[Round "5"]
[White "Ashanina, Olga"]
[Black "Le Borgne, Pierre"]
[Result "1/2-1/2"]
[WhiteElo "2012"]
[BlackElo "2216"]
[PlyCount "113"]
[EventDate "2010.07.17"]
[EventType "swiss"]
[EventRounds "9"]
[EventCountry "FRA"]
[SourceTitle "EXT 2011"]
[Source "ChessBase"]
[SourceDate "2010.11.26"]
[SourceVersion "1"]
[SourceVersionDate "2010.11.26"]
[SourceQuality "1"]

1. e4 c5 2. Nf3 Nc6 3. Bb5 Qb6 4. Bxc6 Qxc6 5. d3 g6 6. 0-0 Bg7 7. Nbd2 Nf6 8. Re1 0-0 9. c3 b6 10. e5 Nd5 11. d4 cxd4 12. Nxd4 Qc7 13. N2f3 Bb7 14. Bd2 a6 15. a4 Qc5 16. Qe2 Rfc8 17. Rec1 Rab8 18. c4 Nb4 19. Nb3 Bxf3 20. Qxf3 Qxe5 21. Bxb4 Qxb2 22. Bxe7 Rc6 23. Rab1 Qa2 24. Rd1 Rxc4 25. Bf6 Bf8 26. Qd5 Qxa4 27. Qxd7 Qc6 28. Qxc6 Rxc6 29. Bd4 Rd8 30. Be3 Rxd1+ 31. Rxd1 Rc3 32. Rb1 b5 33. Bd2 Rc2 34. Kf1 b4 35. Ke2 Bd6 36. Kd3 Rc8 37. Rc1 Rd8 38. Kc4 a5 39. Kb5 Bxh2 40. Kxa5 Bd6 41. Rc6 h5 42. Ra6 Bc5 43. Nxc5 Rxd2 44. Rf6 Rd4 45. Rf3 h4 46. Rh3 Rg4 47. g3 hxg3 48. Rxg3 Rxg3 49. fxg3 Kg7 50. Kxb4 Kf6 51. Nd3 Kg5 52. Nf2 f5 53. Kc4 f4 54. g4 Kh4 55. Kd3 Kg3 56. Ke2 g5 57. Kf1 1/2-1/2

[Event "Brest op"]
[Site "Brest"]
[Date "2010.04.04"]
[Round "3.4"]
[White "Aubry, Yannis"]
[Black "Le Borgne, Pierre"]
[Result "1-0"]
[WhiteElo "1965"]
[BlackElo "1780"]
[PlyCount "103"]
[EventDate "2010.04.03"]
[EventType "swiss"]
[EventRounds "7"]
[EventCountry "FRA"]
[SourceTitle "EXT 2014"]
[Source "ChessBase"]
[SourceDate "2013.11.20"]
[SourceVersion "1"]
[SourceVersionDate "2013.11.20"]
[SourceQuality "1"]

1. d4 f5 2. g3 Nf6 3. Bg2 e6 4. Nh3 Be7 5. 0-0 0-0 6. Nc3 d6 7. e4 e5 8. dxe5 dxe5 9. Qe2 Nc6 10. Qc4+ Kh8 11. Be3 Ne8 12. Rad1 Nd6 13. Qe2 Qe8 14. Nd5 Bd8 15. Bc5 fxe4 16. Nxc7 Bxc7 17. Bxd6 Bxd6 18. Rxd6 Nd4 19. Qxe4 Qh5 20. Nf4 exf4 21. Rxd4 Bh3 22. Bxh3 Qxh3 23. Qg2 Qe6 24. Qxb7 fxg3 25. hxg3 Rab8 26. Qxa7 Rxb2 27. Qa3 Rbb8 28. Rb4 Rbd8 29. Qb3 Qe2 30. Qc4 Qd2 31. Rb7 Qg5 32. a4 Rd2 33. Rf7 Rxf7 34. Qxf7 h5 35. Qe8+ Kh7 36. Qe4+ Kh6 37. Ra1 Qf6 38. Qe3+ g5 39. Rb1 Rxc2 40. Rb6 Rc6 41. a5 Qa1+ 42. Kh2 Rg6 43. Rxg6+ Kxg6 44. Qb6+ Kf5 45. a6 h4 46. Qb5+ Kg4 47. Kg2 h3+ 48. Kh2 Kf3 49. Qb6 Qf1 50. Qc6+ Kg4 51. Qe6+ Kf3 52. Qf5+ 1-0

[Event "Avoine op 24th"]
[Site "Avoine"]
[Date "2009.07.21"]
[Round "4"]
[White "Hirth, Julien"]
[Black "Le Borgne, Pierre"]
[Result "0-1"]
[WhiteElo "2082"]
[BlackElo "2229"]
[PlyCount "70"]
[EventDate "2009.07.18"]
[EventType "swiss"]
[EventRounds "9"]
[EventCountry "FRA"]
[SourceTitle "CBM 131 Extra"]
[Source "ChessBase"]
[SourceDate "2009.09.03"]
[SourceVersion "2"]
[SourceVersionDate "2009.09.16"]
[SourceQuality "1"]

1. d4 g6 2. Nf3 Bg7 3. e4 c6 4. Bd3 d6 5. 0-0 Nf6 6. c3 0-0 7. Qe2 Qc7 8. Nbd2 e5 9. dxe5 dxe5 10. a4 Nh5 11. g3 Nd7 12. Nc4 Nc5 13. Bc2 Bg4 14. Ne3 Bd7 15. b4 Ne6 16. Ba3 Rfe8 17. Rfd1 Rad8 18. Nc4 Nef4 19. gxf4 Nxf4 20. Qe1 Bg4 21. Rxd8 Qxd8 22. Ncd2 Qd7 23. Bd1 Rd8 24. Nf1 Qd3 25. Ne3 Qxe4 26. Nxg4 Nh3+ 27. Kh1 Qxg4 28. Ng1 Rxd1 29. Rxd1 Qxd1 30. Qxd1 Nxf2+ 31. Kg2 Nxd1 32. Ne2 e4 33. b5 cxb5 34. axb5 Nxc3 35. Ng3 Nxb5 0-1